| 000 | 01176nam a22003377a 4500 | ||
|---|---|---|---|
| 003 | CHAP | ||
| 005 | 20220329134317.0 | ||
| 008 | 971013s1994 r 00010 d | ||
| 010 | _a18551 | ||
| 011 | _a19523 | ||
| 035 | _a23608 | ||
| 040 | _cCHAP | ||
| 090 | _aTesis | ||
| 100 | 0 | 0 |
_aBetancourt Cano, Mario. _912052 |
| 245 | _aEfecto de diferentes dosis de ethrel en el rendimiento de calabacita (Cucurbita pepo L.) var. Zucchini Gray | ||
| 260 |
_aChapingo, Méx. : _bEl autor, _c1994 |
||
| 300 |
_a70 h. _b; gráfs. |
||
| 502 | _aTesis (Ing. Agr. Esp. en Fitotecnia) -- UACH. Departamento de Fitotecnia | ||
| 590 |
_aALEPH _b10 _c20130110 _lUCH01 _h1241 |
||
| 590 |
_aBATCH-UPD _b10 _c20130110 _lUCH01 _h0022 |
||
| 590 |
_aBATCH-UPD _b10 _c20130110 _lUCH01 _h1950 |
||
| 590 |
_aBATCH-UPD _b10 _c20130410 _lUCH01 _h1312 |
||
| 590 |
_aCONVERSION _b10 _c20130109 _lUCH01 _h1311 |
||
| 650 | 1 | 4 |
_aAcido cloroetilfosfonico 2. _9578 |
| 650 | 1 | 4 |
_aCalabaza _xRendimiento. _917294 |
| 901 | _aBK | ||
| 942 | _cFOLL | ||
| 949 |
_bBC _cTES _d-54834 _eTS1 _h26864 _i23608 _si |
||
| 949 |
_bBC _cTES _d-54835 _eTS2 _fc.2 _h26865 _i23608 _si |
||
| 949 |
_bBC _cTES _d-54836 _eTS2 _fc.3 _h26866 _i23608 _si |
||
| 999 |
_c18551 _d18551 |
||